| 000 | 00865nam a2200241 a 4500 | ||
|---|---|---|---|
| 001 | BRCA_8658 | ||
| 005 | 20190321142931.0 | ||
| 008 | 271016s2014----u--a######---#000-0#eng-# | ||
| 020 | _a9781883502218 | ||
| 041 | _aeng | ||
| 044 | _au | ||
| 050 | 4 | _b.N45 2014 | |
| 245 | 1 | 0 |
_aNelson Rockefeller´s Picassos _bTapestries Commissioned for Kykuit _cedited by William Keyse Rudolph and Erin Kathleen Murphy ; essays by Cynthia Bronson Altman and E. Luanne McKinnon. |
| 260 |
_aSan Antonio, Texas _bSan Antonio Museum of Art _c2014 |
||
| 300 |
_a118 p. _bil. a color _c22 cm. |
||
| 504 | _aBibliografĂa : p. 117 | ||
| 610 | 2 | 4 |
_aSan Antonio Museum of Art _921597 |
| 700 | 1 |
_aKeyse Rudolph, William _eed. _921598 |
|
| 700 | 1 |
_aKathleen Murphy, Erin _eed. _921599 |
|
| 700 | 1 |
_aBronson Altman, Cynthia _921600 |
|
| 700 | 1 |
_aLuanne McKinnon, E. _921601 |
|
| 942 |
_2lcc _cB |
||
| 999 |
_c8317 _d8317 |
||